| 000 | 00379nam a22001577a 4500 | ||
|---|---|---|---|
| 020 | _a978-93-80005-21-8 | ||
| 082 |
_a823 _bORW/A |
||
| 100 | _aGEORGE ORWELL | ||
| 245 |
_aANIMAL FARM _bSHORT STORY |
||
| 246 |
_aANIMAL FARM _bSHORT STORY |
||
| 260 |
_aNOIDA _bMAPPLE PRESS PRIVATE LIMITED _c2018 |
||
| 300 | _a102 | ||
| 520 | _aSHORT STORY | ||
| 650 | _aSHORT STORY | ||
| 942 | _cBK | ||
| 999 |
_c2987 _d2987 |
||